| 000 | 01535nam a2200313 a 4500 | ||
|---|---|---|---|
| 003 | OSt | ||
| 005 | 20250806101158.0 | ||
| 007 | cr ||||||a|a|a | ||
| 008 | 250627s2025 mx a|||fom||| 001 0 spa d | ||
| 040 | _erda | ||
| 100 | 1 |
_aGómez Cruz, Jesús Ernesto _9190527 |
|
| 245 | 1 | 0 |
_aIdentificación de hongos contaminantes en postcosecha de Maíz (Zea mays) en Tepeyahualco, Puebla / _cpor Jesús Ernesto Gómez Cruz; director de tesis Santos Gerardo Leyva Mir; secretario Isabel Nativitas Lima; vocal Moises Camacho Tapia; suplente Candelario Santillan Ortega; suplente Jaime Alfredo Urzua Gutierrez. |
| 264 | 1 |
_aChapingo, México : _bEl autor, _c2024. |
|
| 300 |
_a1 recurso en línea (72 páginas): _bcuadros, figuras. |
||
| 336 |
_2rdacontent _atexto _btxt |
||
| 337 |
_2rdamedia _acomputadora _bc |
||
| 338 |
_2rdacarrier _arecurso en línea _bcr |
||
| 502 |
_bIAEPA _cParasitología _d2024. _gLIC |
||
| 504 | _aIncluye referencias bibliográficas: páginas 66-72. | ||
| 650 | 4 |
_aMaíz _xEnfermedades por hongos _970941 |
|
| 650 | 4 |
_aHongos fitopatógenos _xIdentificación _9131720 |
|
| 700 | 1 |
_aLeyva Mir, Santos Gerardo _966581 |
|
| 700 | 1 |
_aNativitas Lima, Isabel _9129577 _esecretario. |
|
| 700 | 1 |
_aCamacho Tapia, Moises _917710 _evocal. |
|
| 700 | 1 |
_aSantillán Ortega, Candelario _9102429 _esuplente. |
|
| 700 | 1 |
_aUrzúa Gutiérrez, Jaime Alfredo _esuplente. _9117018 |
|
| 856 |
_uhttp://10.13.5.2/tesis/tl/1810928-7_GOMEZ_CRUZ_JESUSERNESTO.pdf _zDESCARGAR PDF |
||
| 942 |
_2Clasificación Universidad Autónoma Chapingo _cTD |
||
| 999 |
_c220705 _d220705 |
||